000 00677nam a2200193 i 4500
001 18773
003 ES-MaACL
005 20230906151923.0
007 t|
008 020204s2000 sp ||||0| spa j
040 _aM-BN
_bspa
_cM-BN
080 _a378.094(460.27 M.)(091)
110 2 _aColegio Universitario de San Pablo (Madrid)
_92994
245 1 0 _aColegio Mayor Universitario de San Pablo
_b: 1950-2000 : 50 aƱos de historia.
260 _aMadrid :
_bColegio Mayor Universitario de San Pablo,
_c[2000]
300 _a180 p :
_bil. col. y n ;
_c31 cm.
610 2 7 _aColegio Universitario de San Pablo (Madrid)-
_vHistoria.
_92995
852 _aES-MaACL
_jL-25264
_bR.130838
999 _c18773
_d18773